• 首页
  • 本馆介绍
  • 公告通知
  • 最新文献
  • 馆藏检索
  • 电子资源
  • 读者导购
  • 参考咨询
  • 我的图书馆
  • 登录
  • 详细信息显示
  • 放入我的书架
  • 预约/预借图书
  • 作者相关作品
  • 分类相关作品
  • 丛书相关作品
  • 出版社相关作品

书目信息

  • 表格格式
  • 工作单格式
  • 卡片格式
题名:
尼采反卢梭
    
 
作者: 安塞尔-皮尔逊 著 ;宗成河 , 孙磊 , 熊文驰 译
分册:  
出版信息: 北京   华夏出版社  2005
页数: 256页
开本: 23cm
丛书名: 西方传统 经典与解释
单 册:
中图分类: B516.47
科图分类:
主题词: 政治思想 , 哲学--欧洲
电子资源:
ISBN: 7-5080-3756-1
000 01553oam2 2200361 450
001 002988867
005 20061117092923.57
010    @a7-5080-3756-1@dCNY29.00
100    @a20050119d2005 em y0chiy0110 ea
101 1  @achi@ceng
102    @aCN@b110000
105    @ay z 000yy
200 1  @a尼采反卢梭@9ni cai fan lu suo@dNietzsche contra Rousseau@e尼采的道德-政治思想研究@f凯斯·安塞尔-皮尔逊(Keith Ansell-Pearson)著@g宗成河,孙磊,熊文驰译@zeng
210    @a北京@c华夏出版社@d2005
215    @a256页@d23cm
225 0  @a西方传统 经典与解释
305    @a本书中文简体字版由Cambridge University Press授权出版
308    @a丛书原题:经典与解释
330    @a本书把尼采当作一位政治思想家来对待,将他的政治理念与现代政治思想的主流传统联系起来,将尼采的“主权性的、超伦理的自主性个体”与卢梭的“公意”概念进行了比较,回应了卢棱的浪漫主义与历史悲观主义所带来的挑战。
461  0 @12001 @a西方传统 经典与解释
510 1  @aNietzsche contra Rousseau@zeng
517 1  @a尼采的道德-政治思想研究@9ni cai de dao de - zheng zhi si xiang yan jiu
600  0 @a尼采@c(Nietzsche, Friedrich Wilhelm@f1844~1900)@x政治思想@x思想评论
600  0 @a尼采@c(Nietzsche, Friedrich Wilhelm@f1844~1900)
606 0  @a政治思想
606 0  @a哲学@x欧洲
690    @aB516.47@v4
701  0 @c(英)@a安塞尔-皮尔逊@9an sai er pi er xun@c(Ansell-Pearson, Keith )@4著
702  0 @a宗成河@9zong cheng he@4译
702  0 @a孙磊@9sun lei@c(大学教师)@4译
702  0 @a熊文驰@9xiong wen chi@4译
801  0 @aCN@bNLC@c20061117
905    @a10447@dB516.47@e106
    
    尼采反卢梭=Nietzsche contra Rousseau:尼采的道德-政治思想研究/凯斯·安塞尔-皮尔逊(Keith Ansell-Pearson)著/宗成河,孙磊,熊文驰译.-北京:华夏出版社,2005
    256页;23cm.-(西方传统 经典与解释)
    
    
    ISBN 7-5080-3756-1:CNY29.00
    本书把尼采当作一位政治思想家来对待,将他的政治理念与现代政治思想的主流传统联系起来,将尼采的“主权性的、超伦理的自主性个体”与卢梭的“公意”概念进行了比较,回应了卢棱的浪漫主义与历史悲观主义所带来的挑战。
●
相关链接 在E读中查询图书 在五车中查询图书 在当当中查询图书 在豆瓣中查询图书


正题名:尼采反卢梭     索取号:B516.47/106         预约/预借

序号 登录号 条形码 馆藏地/架位号 状态 备注
1 0389513   203895133   第一样本阅览室/ [索取号:B516.47/106] 在馆    
2 0389514   203895142   第一借阅区/ [索取号:B516.47/106] 在馆    
3 0389515   203895151   第一借阅区/ [索取号:B516.47/106] 在馆    
4 0389516   203895160   教育系资料室/ [索取号:B516.47/106] 在馆    
5 0389517   203895179   第一借阅区/ [索取号:B516.47/106] 在馆    
唐山师范学院图书馆 欢迎您!
大连网信软件有限公司© 版权所有